Elementos da Tabela Periódica Nomeados A Partir de Pessoas - Statistics

Estatísticas Gerais
  • Esse quiz foi jogado 22 vezes
  • A pontuação média é 5 de 19
Estatísticas das Respostas
Resposta % Correto
Rutherfórdio
71%
Mendelévio
48%
Copernício
38%
Cúrio
38%
Laurêncio
38%
Férmio
33%
Nobélio
33%
Amerício
29%
Oganesson
29%
Roentgênio
29%
Seabórgio
29%
Fleróvio
24%
Meitnério
24%
Berquélio
19%
Gadolínio
19%
Samário
14%
Einsteinium
5%
Livermorium
5%
Bóvrio
0%
Nenhum quiz correspondente encontrado
Distribuição das Pontuações
Porcentagem de Pessoas com Cada Pontuação
Percentil de Números Respondidos
Sua Pontuação Histórica
Você não jogou esse quiz